Sci-Fi Movies Starting with B - Statistics

General Stats
  • This quiz has been taken 10 times
  • The average score is 5 of 17
Answer Stats
# Answer % Correct
2 Batman v Superman
89%
10 Black Panther
67%
1 Back to the Future
56%
13 Blade Runner
56%
12 Black Widow
44%
3 Battlestar Galactica
33%
8 Bird Box
33%
9 The Birds
33%
15 Bride of Frankenstein
22%
17 Bumblebee
22%
4 Beast from 20,000 Fathoms
11%
5 Big Hero 6
11%
6 Bill and Ted's Excellent Adventure
11%
7 Bionic Showdown: The Six Million Dollar Man and the Bionic Woman
11%
16 Buck Rogers in the 25th Century
11%
11 The Black Scorpion
11%
14 The Blob
11%
No matching quizzes found
Score Distribution
Percent of People with Each Score
Percentile by Number Answered
Your Score History
You have not taken this quiz